La vie de Sasha - Statistiques

Statistiques générales
  • Ce quiz a été pris 2 fois
  • Le résultat moyen est 9 sur 15
Statistiques - réponses
Hint Réponse % Correct
date de naissance 27/09/2002
100%
deuxième prénom anna
100%
couleur préférée jaune
100%
père michel
100%
phobie rat
100%
frère romain
100%
lycée 2 Alexandre Dumas
50%
lycée 1 blanche de castille
50%
mère Carol sans e
50%
ville d'habitation classique chegarzoo / garches
50%
ville de naissance paris
50%
deuxième devise do braziiiiiiiil
0%
nom de la licence droit public science politique
0%
devise fume la vie avant que la vie te fume
0%
collège henri Bergson
0%
Aucun quiz correspondant
Distribution des résultats
% des personnes avec chaque résultat
Percentile par nombre de réponses
Votre historique - résultats
Vous n’avez pas pris ce quiz